ADVANCED ECG : BOARDS AND BEYOND (Record no. 21797)

MARC details
000 -LEADER
fixed length control field 00352nam a22001577a 4500
003 - CONTROL NUMBER IDENTIFIER
control field SGT
020 ## - INTERNATIONAL STANDARD BOOK NUMBER
International Standard Book Number 9788131210796
082 ## - DEWEY DECIMAL CLASSIFICATION NUMBER
Classification number 616.1207
Item number A07P
100 ## - MAIN ENTRY--PERSONAL NAME
Personal name PHIBBS, BRENDAN P.
245 ## - TITLE STATEMENT
Title ADVANCED ECG : BOARDS AND BEYOND
250 ## - EDITION STATEMENT
Edition statement 2ND
260 ## - PUBLICATION, DISTRIBUTION, ETC. (IMPRINT)
Place of publication, distribution, etc INDIA
Name of publisher, distributor, etc ELSEVIER PUB
Year of Publication 2007
300 ## - PAGE DESCRIPTION
No. of Pages 294
650 ## - SUBJECT ADDED ENTRY--TOPICAL TERM
Topical term or geographic name as entry element CARDIOLOGY
942 ## - ADDED ENTRY ELEMENTS (KOHA)
Source of classification or shelving scheme Dewey Decimal Classification
Koha item type Books
Holdings
Withdrawn status Lost status Source of classification or shelving scheme Damaged status Not for loan Collection code Home library Current library Shelving location Date acquired SGTU Total Checkouts Full call number Accession No. (Barcode) Date last seen Bill Date Koha item type
    Dewey Decimal Classification   Not For Loan MEDICAL SGT Medical Library SGT Medical Library Reference Book 03/09/2021 SGTU   616.1207 A07P FM12558 03/09/2021 03/09/2021 Books